[Event "Chigorin Memorial"]
[Site "St Petersburg RUS"]
[Date "2012.11.03"]
[Round "8.135"]
[White "Pischikov, Vadim"]
[Black "Velieva, Hurma"]
[Result "0-1"]
[WhiteElo "2143"]
[BlackElo "1966"]
[WhiteFideId "4100280"]
[BlackFideId "14002272"]
[EventDate "2012.10.27"]

1. d4 Nf6 2. c4 e6 3. Nc3 Bb4 4. e3 c5 5. Bd3 Nc6 6. Ne2 d5 7. a3 Bxc3+ 8. bxc3
dxc4 9. Bxc4 cxd4 10. cxd4 O-O 11. O-O b6 12. f3 Bb7 13. e4 Rc8 14. Ba2 h6 15.
Be3 Qe7 16. Qd3 Rfd8 17. Rfd1 Ne5 18. Qb5 Ng6 19. Bf2 Bc6 20. Qb2 Ba4 21. Rdc1
Qd7 22. g3 Rxc1+ 23. Rxc1 Rc8 24. Rxc8+ Qxc8 25. Qc3 Bd7 26. Qxc8+ Bxc8 27. Nc3
Ba6 28. Be3 Ne8 29. Kf2 Nd6 30. h4 Nc4 31. Bc1 h5 32. f4 Ne7 33. Kf3 Nc6 34. Ne2
f5 35. d5 exd5 36. exd5 Ne7 37. Nd4 Nxd5 38. Nxf5 g6 39. Nd4 Nc3 40. Bb3 Bb7+
41. Kf2 Ne4+ 42. Ke2 Bd5 43. Nb5 a5 44. Nc7 Bf7 45. Bxc4 Bxc4+ 46. Kf3 Nc3 47.
Bb2 Nb5 48. Ne8 Kf7 49. Nf6 Nxa3 50. Nd7 Bd5+ 51. Ke2 Nc4 52. Bd4 b5 53. Nb6 Ke6
54. Kd3 Nd6 55. Be5 Nf5 56. Bc7 Nxg3 57. Kd4 Nf5+ 58. Kc5 Bc4 59. Nxc4 bxc4 60.
Bxa5 Nxh4 61. Kxc4 Kf5 62. Kd3 Kxf4 63. Ke2 Kg3 64. Be1+ Kh3 65. Kf2 g5 66. Ba5
g4 67. Bc7 Nf5 68. Kg1 h4 69. Bf4 g3 70. Bc7 Nd4 71. Kf1 g2+ 72. Kf2 Nf3 0-1

[Event "Chigorin Memorial"]
[Site "St Petersburg RUS"]
[Date "2012.11.03"]
[Round "8.136"]
[White "Zhelobanov, Roman"]
[Black "Atabayev, Saparmyrat"]
[Result "0-1"]
[WhiteElo "1912"]
[BlackElo "2118"]
[WhiteFideId "24154334"]
[BlackFideId "14000571"]
[EventDate "2012.10.27"]

1. e4 c5 2. Nc3 Nc6 3. f4 g6 4. Nf3 Bg7 5. g3 e5 6. d3 Nge7 7. Bg2 O-O 8. O-O
exf4 9. Bxf4 d5 10. Qd2 Bg4 11. Bh6 dxe4 12. Nxe4 Bxh6 13. Qxh6 Nf5 14. Qg5 Bxf3
15. Qxd8 Raxd8 16. Bxf3 Ncd4 17. Rf2 b6 18. Re1 Kg7 19. Bd1 Rfe8 20. Ref1 Re7
21. Re1 Nd6 22. Rff1 Nxe4 23. Rxe4 Rxe4 24. dxe4 Nc6 25. Be2 Rd4 26. c3 Rd2 27.
Bb5 Ne5 28. Rf2 Rd6 29. Bf1 Rd1 30. Kg2 Ng4 31. Re2 Nxh2 32. Kxh2 Rxf1 33. Kg2
Rd1 34. Kf3 Kf6 35. g4 Kg5 36. Rh2 h6 37. e5 Re1 38. Rd2 Rxe5 39. Rd7 f5 40.
gxf5 Rxf5+ 41. Kg3 h5 42. Rxa7 h4+ 43. Kg2 Kg4 44. Re7 h3+ 45. Kg1 Kg3 46. Re1
g5 47. b4 cxb4 48. cxb4 b5 49. Re3+ Rf3 50. Re1 Rd3 51. Kh1 g4 52. Rf1 Kh4 53.
Re1 g3 54. Re4+ Kg5 55. Re1 Kg4 56. a4 bxa4 57. b5 Rb3 58. Ra1 a3 59. Rc1 a2 0-1

[Event "Chigorin Memorial"]
[Site "St Petersburg RUS"]
[Date "2012.11.03"]
[Round "8.138"]
[White "Zamyshlyaev, Anatoly"]
[Black "Zakharov, Yuri"]
[Result "1-0"]
[WhiteElo "2080"]
[BlackElo "1902"]
[WhiteFideId "4199308"]
[BlackFideId "4166620"]
[EventDate "2012.10.27"]

1. e4 d6 2. d4 Nf6 3. Nc3 g6 4. Bg5 h6 5. Be3 Bg7 6. f3 c6 7. Qd2 Qa5 8. g4 h5
9. g5 Nfd7 10. h4 b5 11. Bh3 O-O 12. f4 Nb6 13. b3 b4 14. Nce2 c5 15. a4 c4 16.
Ng3 Bxh3 17. Nxh3 e6 18. O-O Nc6 19. f5 exf5 20. exf5 Rfe8 21. Kh2 Nd5 22. Bg1
cxb3 23. cxb3 Nc3 24. Qd3 gxf5 25. Rxf5 d5 26. Raf1 Re7 27. Nf4 Rae8 28. Nfxh5
Ne2 29. Nf6+ Bxf6 30. gxf6 Re4 31. Nxe4 Rxe4 32. Qxe4 Qc7+ 33. Qe5 Nxe5 34. Rxe5
Nc3 35. Be3 Ne4 36. Rg1+ Kh8 37. Bf4 1-0

[Event "Chigorin Memorial"]
[Site "St Petersburg RUS"]
[Date "2012.11.03"]
[Round "8.139"]
[White "Ustich, Ekaterina"]
[Black "Popelyshev, Igor V."]
[Result "1-0"]
[WhiteElo "1857"]
[BlackElo "2071"]
[WhiteFideId "24179221"]
[BlackFideId "24116610"]
[EventDate "2012.10.27"]

1. e4 c5 2. Nf3 d6 3. d4 cxd4 4. Nxd4 Nf6 5. f3 e5 6. Bb5+ Nbd7 7. Nf5 d5 8.
exd5 a6 9. Ba4 b5 10. Bb3 Nb6 11. Ne3 Bc5 12. Nc3 Bb7 13. Qd3 O-O 14. Ne4 Bxe3
15. Nxf6+ Qxf6 16. Bxe3 Nxd5 17. Bxd5 Rad8 18. Bxb7 Rxd3 19. cxd3 Qe7 20. Bd5
Qb4+ 21. Bd2 Qxb2 22. Ke2 Qd4 23. Bb3 Rd8 24. Bc2 b4 25. Rab1 a5 26. Rb3 f5 27.
Be3 Qd6 28. a3 f4 29. Bd2 Rc8 30. Rc1 bxa3 31. Bxa5 Ra8 32. Rc3 Qd4 33. Bb3+ Kf8
34. Rc8+ Rxc8 35. Rxc8+ Ke7 36. Rc7+ Kd6 37. Rc3 a2 38. Bxa2 Qg1 39. Bb4+ Kd7
40. Bc4 Qxg2+ 41. Ke1 Qg1+ 42. Kd2 Qxh2+ 43. Kc1 Qh1+ 44. Kb2 Qxf3 45. Bb5+ Ke6
46. Rc7 Qe2+ 47. Ka3 Kf6 48. Be7+ Kf5 49. Bd7+ Kg6 50. Be8+ Kh6 51. Bf8 Qxd3+
52. Kb4 Qd4+ 53. Kb5 Qd8 54. Re7 f3 55. Re6+ Kg5 56. Be7+ Kf5 57. Bxd8 f2 58.
Rf6+ gxf6 59. Bd7+ Kf4 60. Bh3 Kg3 61. Bf1 Kh2 1-0

[Event "Chigorin Memorial"]
[Site "St Petersburg RUS"]
[Date "2012.11.03"]
[Round "8.140"]
[White "Bezulenko, Evgeny"]
[Black "Grigorjev, Iljya"]
[Result "0-1"]
[WhiteElo "1850"]
[BlackElo "2053"]
[WhiteFideId "24105996"]
[BlackFideId "24159565"]
[EventDate "2012.10.27"]

1. f4 e5 2. e3 exf4 3. exf4 d5 4. Nf3 Bd6 5. d4 Nf6 6. Bd3 O-O 7. O-O c5 8. c3
Nc6 9. Kh1 cxd4 10. Nxd4 Nxd4 11. cxd4 Re8 12. Nc3 Bb8 13. h3 Ne4 14. Nxe4 dxe4
15. Be2 Bf5 16. Be3 Qh4 17. Qe1 Qxe1 18. Raxe1 Bd6 19. Bg1 h5 20. Bd1 Bb4 21.
Re2 Ba5 22. Re3 Bd2 23. Rb3 e3 24. Be2 Re7 25. Rb5 g6 26. Re5 Rxe5 27. dxe5 Rc8
28. a4 Rc2 29. Bd1 Rxb2 30. Rf3 Rb1 31. Be2 Re1 32. Bc4 e2 33. Kh2 Rxg1 34. Bxe2
Re1 35. Bc4 Re4 36. Bd5 Rxf4 37. Bxb7 Rxf3 38. gxf3 Bf4+ 39. Kg2 Bxe5 40. Kf2
Bxh3 0-1

[Event "Chigorin Memorial"]
[Site "St Petersburg RUS"]
[Date "2012.11.03"]
[Round "8.141"]
[White "Khatenever, Feliks"]
[Black "Potyavin, Igor"]
[Result "0-1"]
[WhiteElo "1843"]
[BlackElo "2049"]
[WhiteFideId "4131800"]
[BlackFideId "4188233"]
[EventDate "2012.10.27"]

1. d4 c5 2. e3 e6 3. Nf3 d5 4. b3 Nf6 5. Bd3 Nc6 6. a3 Be7 7. Bb2 O-O 8. O-O a6
9. c4 b6 10. Nbd2 Bb7 11. Qe2 a5 12. Rfd1 a4 13. bxa4 Rxa4 14. cxd5 exd5 15. Bb5
Ra7 16. Ne5 Qa8 17. dxc5 bxc5 18. a4 Nxe5 19. Bxe5 Bc6 20. Bxc6 Qxc6 21. Qb5 Qe6
22. Nf3 Rfa8 23. a5 Ne4 24. h3 Ng5 25. Nxg5 Qxe5 26. Nf3 Qe6 27. Qd3 Rd7 28. Kf1
g6 29. h4 Bf6 30. Ra4 Qa6 31. Qe2 Qc6 32. Qc2 Qb5+ 33. Kg1 Rxa5 34. Rg4 Bg7 35.
h5 Qb2 36. Qxb2 Bxb2 37. hxg6 hxg6 38. Rb1 Ra1 39. Rxa1 Bxa1 40. Ra4 Bb2 41. Ra2
Bf6 42. Ra8+ Kg7 43. Rc8 c4 44. Nd4 Bxd4 45. exd4 Kf6 46. Rc6+ Ke7 47. Kf1 Ra7
48. Ke2 Ra3 49. Rc7+ Ke6 50. Rc6+ Kd7 51. Rf6 Ke7 52. Rf4 Ke6 53. Rh4 Rd3 54. g3
g5 55. Rg4 Kf5 56. f3 f6 57. Kf2 Rd2+ 58. Ke3 c3 0-1

[Event "Chigorin Memorial"]
[Site "St Petersburg RUS"]
[Date "2012.11.03"]
[Round "8.142"]
[White "Kosov, Igor"]
[Black "Grinblat, Artemiy"]
[Result "0-1"]
[WhiteElo "1817"]
[BlackElo "2043"]
[WhiteFideId "24100528"]
[BlackFideId "14135272"]
[EventDate "2012.10.27"]

1. d4 d5 2. c4 e6 3. Nf3 Nf6 4. cxd5 exd5 5. Nc3 c6 6. g3 Be7 7. Bg2 O-O 8. Qc2
Na6 9. a3 Nc7 10. O-O Ne6 11. b4 a6 12. Bg5 Nxg5 13. Nxg5 g6 14. Nf3 Bf5 15. Qb2
Ne8 16. a4 b5 17. axb5 axb5 18. Ne5 Rxa1 19. Rxa1 Qb6 20. e4 dxe4 21. Nxe4 f6
22. Qa2+ Kh8 23. Qa7 Qxa7 24. Rxa7 fxe5 25. Rxe7 exd4 26. Ng5 Nd6 27. Rxh7+ Kg8
28. Bxc6 Rc8 29. Bd5+ Kf8 30. Ne6+ Bxe6 31. Bxe6 Rc1+ 32. Kg2 d3 33. Rd7 d2 34.
Rxd6 d1=Q 35. Rxd1 Rxd1 36. f4 Rb1 37. h4 Rxb4 38. f5 Ke7 39. Kf3 Rd4 40. g4 b4
41. Bg8 gxf5 42. gxf5 b3 43. Ke3 b2 44. Kxd4 b1=Q 45. Be6 Qe1 46. h5 Qd1+ 47.
Ke5 Qe2+ 48. Kf4 Qxh5 49. Ke5 Qh8+ 50. Ke4 Kf6 51. Kd4 Qd8+ 52. Ke4 Qd6 53. Kf3
Qd4 54. Ke2 Qc3 55. Kf2 Qd3 56. Kg2 Qe3 57. Kh2 Qf3 58. Kg1 Qe2 0-1

[Event "Chigorin Memorial"]
[Site "St Petersburg RUS"]
[Date "2012.11.03"]
[Round "8.143"]
[White "Fokin, Anatoly"]
[Black "Kharchenko, Daniil"]
[Result "0-1"]
[WhiteElo "1793"]
[BlackElo "2039"]
[WhiteFideId "24124451"]
[BlackFideId "24101664"]
[EventDate "2012.10.27"]

1. d4 d5 2. c4 c6 3. Nc3 Nf6 4. e3 a6 5. Nf3 b5 6. b3 Bg4 7. Be2 e6 8. Ne5 Bxe2
9. Qxe2 Bb4 10. Bd2 O-O 11. O-O bxc4 12. bxc4 c5 13. a3 Ba5 14. Rfd1 cxd4 15.
exd4 dxc4 16. Qxc4 Bxc3 17. Bxc3 Nd5 18. Bb4 Re8 19. Rd3 Nd7 20. Nc6 Qf6 21. Rf3
Qg6 22. Bc5 Qg4 23. h3 Qe4 24. Rc1 h6 25. Rb3 Nf4 26. Ne7+ Rxe7 27. f3 Qe2 28.
Rb2 Qxb2 29. Rc2 Qb7 30. Kh2 Nxc5 31. dxc5 Nd5 32. Rc1 Qb8+ 0-1

[Event "Chigorin Memorial"]
[Site "St Petersburg RUS"]
[Date "2012.11.03"]
[Round "8.144"]
[White "Dushin, Nikolay"]
[Black "Shuvalov, Arvind"]
[Result "1-0"]
[WhiteElo "2018"]
[BlackElo "1789"]
[WhiteFideId "4114612"]
[BlackFideId "24199079"]
[EventDate "2012.10.27"]

1. Nf3 Nf6 2. c4 g6 3. b3 Bg7 4. Bb2 d6 5. g3 e5 6. d3 O-O 7. Bg2 Nbd7 8. O-O a5
9. Qc2 Nc5 10. Nbd2 Bf5 11. e4 Bd7 12. d4 exd4 13. Nxd4 Re8 14. a3 Na6 15. Rfe1
Rb8 16. Nb5 Qc8 17. Bc3 b6 18. b4 axb4 19. axb4 Re7 20. Qb2 Ne8 21. Bxg7 Nxg7
22. e5 dxe5 23. Na7 Qe8 24. Rxa6 Nf5 25. b5 Nd4 26. Ne4 Kg7 27. Nc3 Bg4 28. Re3
f6 29. Nc6 Nxc6 30. Bxc6 Qf8 31. Qa3 Qf7 32. Bd5 Qe8 33. Ra8 Rxa8 34. Qxa8 Qxa8
35. Bxa8 Be6 36. Bd5 1-0

[Event "Chigorin Memorial"]
[Site "St Petersburg RUS"]
[Date "2012.11.03"]
[Round "8.146"]
[White "Lauda, Alexandr"]
[Black "Tarakanova, Valeria"]
[Result "1-0"]
[WhiteElo "1991"]
[BlackElo "1778"]
[WhiteFideId "13903179"]
[BlackFideId "24179205"]
[EventDate "2012.10.27"]

1. e4 e5 2. Nf3 Nc6 3. Bb5 a6 4. Bxc6 dxc6 5. O-O f6 6. d4 exd4 7. Nxd4 Bd6 8.
f4 Ne7 9. Be3 b5 10. Qh5+ g6 11. Qf3 Qd7 12. f5 Be5 13. Rd1 Bb7 14. Ne6 Bd6 15.
Nc3 h5 16. Nc5 Qc8 17. Nxb7 Qxb7 18. fxg6 O-O-O 19. Qxf6 Kb8 20. g7 Rhg8 21. e5
Bb4 22. Rxd8+ Rxd8 23. a3 Bxc3 24. bxc3 Re8 25. Qxe7 1-0

[Event "Chigorin Memorial"]
[Site "St Petersburg RUS"]
[Date "2012.11.03"]
[Round "8.147"]
[White "Opanasenko, Mikhail"]
[Black "Stoliarenko, Ivan"]
[Result "1-0"]
[WhiteElo "2011"]
[BlackElo "1673"]
[WhiteFideId "24176834"]
[BlackFideId "24199591"]
[EventDate "2012.10.27"]

1. e4 c5 2. Nf3 d6 3. d4 cxd4 4. Qxd4 Nc6 5. Bb5 Bd7 6. Bxc6 Bxc6 7. Nc3 Nf6 8.
Bg5 e6 9. O-O-O Be7 10. Qd3 Qa5 11. h4 h6 12. Bd2 Qa6 13. Qxa6 bxa6 14. Rhe1 Ng4
15. Re2 O-O 16. Nd4 Bd7 17. f3 Ne5 18. Be1 Rab8 19. Bf2 a5 20. a4 a6 21. Bg3 Nc4
22. b3 Nb6 23. Red2 Rfc8 24. Rd3 e5 25. Nde2 Rc6 26. Bf2 Be6 27. g3 Rbc8 28. Kb2
Nd7 29. R1d2 Nc5 30. Bxc5 Rxc5 31. Nd5 Kf8 32. c4 Rb8 33. Ka3 Rc6 34. Nec3 g6
35. Nd1 f5 36. N1e3 fxe4 37. fxe4 Bxd5 38. Rxd5 h5 39. Ka2 Rc5 40. Rxc5 dxc5 41.
Rd5 Rd8 42. Kb1 Rxd5 43. cxd5 g5 44. Nf5 gxh4 45. gxh4 Kf7 46. Kc2 Bd8 47. Kd3
Bb6 48. Kc4 Ba7 49. Nd6+ Kf8 50. Nc8 Bb8 51. Kxc5 Bc7 52. Nd6 Ke7 53. Nf5+ Kd7
54. d6 Bd8 55. Kd5 Bf6 56. Ng3 Bxh4 57. Nxh5 Be1 58. Kxe5 Bb4 59. Nf6+ Kc6 60.
d7 Be7 61. Ke6 Bxf6 62. Kxf6 Kxd7 63. e5 Ke8 64. Ke6 Kd8 65. Kf7 Kd7 66. e6+ Kd8
67. e7+ Kc7 68. e8=Q Kb7 69. Qd7+ Kb6 70. Qd6+ Kb7 71. Ke7 Ka7 72. Kd7 Kb7 73.
Qc5 Kb8 74. Kc6 Ka8 75. Kb6 Kb8 76. Qf8# 1-0

[Event "Chigorin Memorial"]
[Site "St Petersburg RUS"]
[Date "2012.11.03"]
[Round "8.148"]
[White "Dzhavathanov, Magomed"]
[Black "Tkachev, Ivan"]
[Result "0-1"]
[WhiteElo "1848"]
[BlackElo "2128"]
[WhiteFideId "24106020"]
[BlackFideId "4186885"]
[EventDate "2012.10.27"]

1. e4 d5 2. exd5 Qxd5 3. Nc3 Qa5 4. d4 Nf6 5. Bc4 c6 6. Nf3 Bg4 7. h3 Bh5 8. O-O
e6 9. Bf4 Bb4 10. g4 Bg6 11. Ne2 Nbd7 12. c3 Be7 13. b4 Qd8 14. a4 Nb6 15. Bb3
Nbd5 16. Bg3 Ne4 17. Bxd5 cxd5 18. h4 f6 19. h5 Bf7 20. Bf4 Rc8 21. Qd3 Qd7 22.
Nh2 g6 23. f3 Nd6 24. Ng3 Nc4 25. a5 gxh5 26. gxh5 e5 27. dxe5 fxe5 28. Rfe1
exf4 29. Nf5 Ne3 30. Ng4 Qxf5 31. Rxe3 Qxd3 32. Rxd3 Bxh5 33. Ne5 O-O 0-1

[Event "Chigorin Memorial"]
[Site "St Petersburg RUS"]
[Date "2012.11.03"]
[Round "8.149"]
[White "Belkina, Yulia"]
[Black "Suvorov, Aleksandr"]
[Result "1-0"]
[WhiteElo "1850"]
[BlackElo "2065"]
[WhiteFideId "4116542"]
[BlackFideId "24140953"]
[EventDate "2012.10.27"]

1. e4 c5 2. Nf3 e6 3. d4 cxd4 4. Nxd4 Nf6 5. Nc3 a6 6. Bd3 Qc7 7. O-O Be7 8. Be3
Nc6 9. Qe2 d6 10. f4 Nxd4 11. Bxd4 e5 12. fxe5 dxe5 13. Be3 Be6 14. h3 Bc5 15.
Na4 Bxe3+ 16. Qxe3 Nd7 17. c4 Rc8 18. b3 O-O 19. Nc3 Qc5 20. Rf3 Rfd8 21. Nd5
Kf8 22. Raf1 f6 23. Kh2 Qxe3 24. Rxe3 Nc5 25. Be2 Rc6 26. g4 h6 27. h4 Nd7 28.
g5 hxg5 29. hxg5 Bxd5 30. exd5 Rd6 31. Bg4 Ke7 32. gxf6+ Rxf6 33. Rfe1 Rh8+ 34.
Kg2 Rg6 35. Rg3 Nf6 36. Rxe5+ Kd6 37. Re6+ Kc5 38. Bf3 Rgh6 39. Rxg7 Rh2+ 40.
Kg1 R8h3 41. Rxb7 1-0

[Event "Chigorin Memorial"]
[Site "St Petersburg RUS"]
[Date "2012.11.03"]
[Round "8.152"]
[White "Pitkanen, Juhani"]
[Black "Mitiushkin, Marat"]
[Result "0-1"]
[WhiteElo "1763"]
[BlackElo "1953"]
[WhiteFideId "504432"]
[BlackFideId "4141849"]
[EventDate "2012.10.27"]

1. d4 Nf6 2. c4 g6 3. f3 Bg7 4. e4 d6 5. Nc3 O-O 6. Be3 Nbd7 7. Nh3 e5 8. Be2
Qe7 9. Qd2 exd4 10. Bxd4 c6 11. O-O Ne5 12. Nf2 a5 13. b3 Bd7 14. h3 Be6 15.
Rad1 Ned7 16. Be3 Ne8 17. Bd4 f6 18. f4 Bf7 19. Rfe1 Nc7 20. Be3 Ne8 21. Bd4 Bh6
22. Ng4 Bg7 23. Bf3 h5 24. Nf2 Bh6 25. Be3 Qd8 26. Nd3 Qc7 27. Qe2 Rd8 28. f5
Bxe3+ 29. Qxe3 g5 30. Ne2 Ng7 31. Kh1 Rfe8 32. Qf2 Re7 33. Nc3 h4 34. g3 hxg3
35. Qxg3 Nh5 36. Qg4 Be8 37. Qg2 Rg7 38. Rg1 Nf8 39. Ne2 Qe7 40. Qf2 Ra8 41. a4
Rd8 42. Rg2 Kh8 43. Rdg1 b5 44. c5 dxc5 45. Nxc5 Qa7 46. h4 Rh7 47. Rh2 Qe7 48.
hxg5 fxg5 49. Bxh5 Bxh5 50. f6 Qe5 51. Ng3 Bg6 52. Rxh7+ Bxh7 53. Rf1 Ng6 54.
Nh5 g4 55. Ng3 Nh4 56. Nf5 Nf3 57. Nb7 Rd2 58. f7 Qh2+ 0-1

[Event "Chigorin Memorial"]
[Site "St Petersburg RUS"]
[Date "2012.11.03"]
[Round "8.153"]
[White "Shakirova, Renata"]
[Black "Boytsov, Alexander"]
[Result "0-1"]
[WhiteElo "1756"]
[BlackElo "1945"]
[WhiteFideId "24172049"]
[BlackFideId "24177113"]
[EventDate "2012.10.27"]

1. e4 e6 2. d4 d5 3. Nc3 Nf6 4. e5 Nfd7 5. Nf3 c5 6. Be3 Nc6 7. dxc5 Nxc5 8. Nb5
a6 9. Nbd4 Qc7 10. Nxc6 bxc6 11. Nd4 Nd7 12. f4 Bb7 13. c3 c5 14. Nf3 Be7 15.
Be2 O-O-O 16. O-O h6 17. b4 g5 18. bxc5 Bxc5 19. Bxc5 Qxc5+ 20. Nd4 gxf4 21.
Rxf4 Nxe5 22. Kh1 Rhg8 23. Qf1 Qd6 24. Rb1 Rd7 25. a4 Nc4 26. Rxf7 Nd2 27. Qf6
Nxb1 28. Rxd7 Qxd7 29. Nxe6 Re8 30. Bg4 Kb8 31. h3 Qd6 32. Qf7 Rxe6 33. Bxe6
Nxc3 34. Bg4 Ne4 35. Qg8+ Ka7 36. Qg7 Qf6 37. Qc7 Nf2+ 38. Kg1 Nxg4 39. hxg4
Qb6+ 0-1

[Event "Chigorin Memorial"]
[Site "St Petersburg RUS"]
[Date "2012.11.03"]
[Round "8.154"]
[White "Petrushev., Nikita"]
[Black "Chuprova, Irina"]
[Result "1/2-1/2"]
[WhiteElo "1738"]
[BlackElo "1945"]
[WhiteFideId "34117803"]
[BlackFideId "24138584"]
[EventDate "2012.10.27"]

1. d4 g6 2. Nf3 Bg7 3. Nc3 d6 4. e4 Nf6 5. Be3 c5 6. Qd2 cxd4 7. Nxd4 Ng4 8. Bg5
Nc6 9. Nb3 Be6 10. f3 Nge5 11. Bh6 Bxh6 12. Qxh6 Qb6 13. O-O-O O-O-O 14. Nd5
Bxd5 15. exd5 Na5 16. Nxa5 Qxa5 17. Kb1 Kb8 18. Qe3 Qc7 19. Be2 a6 20. Rhe1 Rde8
21. f4 Nd7 22. Bf3 Qc5 23. Rd3 Qa5 24. Ra3 Qd8 25. Qd4 Qb6 26. Qg7 Qb4 27. Rae3
Qxf4 28. Rxe7 Ne5 29. Rxe8+ Rxe8 30. Qxh7 Rc8 31. c3 Nxf3 32. gxf3 Qxf3 33. Qh4
Qxd5 34. Qf4 g5 35. Qe3 Qc5 36. Qe7 Qf5+ 37. Ka1 Qf4 38. Rd1 f5 39. a3 g4 40.
Qxd6+ Qxd6 41. Rxd6 f4 42. Rg6 f3 43. Rxg4 Rf8 44. Rg1 Kc7 45. Kb1 Kd6 46. Kc1
Ke5 47. Kd2 Kf4 48. Rg7 Rd8+ 49. Ke1 Re8+ 50. Kf1 b5 51. Rf7+ Ke3 52. Rf6 a5 53.
Rb6 Re5 54. Rd6 a4 55. Rd8 Rg5 56. Re8+ Kd3 57. Kf2 Rg2+ 58. Kxf3 Rxb2 59. h4
Kxc3 60. Re3+ Kc4 61. h5 Rh2 62. Kg4 b4 63. Re4+ Kb3 64. Rxb4+ Kxa3 65. Rb8 Ka2
66. Kg5 a3 67. h6 Rg2+ 68. Kf6 Rb2 69. Ra8 Rb7 70. Kg6 Rb6+ 71. Kg7 Rb7+ 1/2-1/2

[Event "Chigorin Memorial"]
[Site "St Petersburg RUS"]
[Date "2012.11.03"]
[Round "8.155"]
[White "Kholova, Elena"]
[Black "Chernyak, Viktoria"]
[Result "0-1"]
[WhiteElo "1736"]
[BlackElo "1939"]
[WhiteFideId "4146093"]
[BlackFideId "24165956"]
[EventDate "2012.10.27"]

1. Nf3 Nf6 2. c4 g6 3. Nc3 Bg7 4. e4 d6 5. d4 O-O 6. Be2 c5 7. O-O cxd4 8. Nxd4
Nc6 9. Be3 Bd7 10. Rb1 Rc8 11. Nxc6 Bxc6 12. f3 b6 13. Nd5 Qd7 14. b4 Nxd5 15.
exd5 Bb7 16. a4 e6 17. dxe6 Qxe6 18. Bf2 Ba6 19. b5 Bb7 20. Bd3 d5 21. Re1 Qf6
22. cxd5 Bxd5 23. Bxg6 Rfd8 24. Bd3 Bc4 25. Re3 Qd6 26. Bc2 Bd4 27. Re8+ Rxe8
28. Bxd4 Be2 29. Qd2 Rxc2 0-1

[Event "Chigorin Memorial"]
[Site "St Petersburg RUS"]
[Date "2012.11.03"]
[Round "8.156"]
[White "Klimshin, Ilia"]
[Black "Volskaya, Vera"]
[Result "0-1"]
[WhiteElo "1734"]
[BlackElo "1929"]
[WhiteFideId "34109436"]
[BlackFideId "24170054"]
[EventDate "2012.10.27"]

1. e4 c6 2. d4 d5 3. exd5 cxd5 4. Nc3 Bf5 5. Bd3 Bxd3 6. Qxd3 e6 7. Nf3 Nc6 8.
O-O Nf6 9. a3 Be7 10. Bf4 O-O 11. h3 Rc8 12. Ng5 h6 13. Nf3 a6 14. g4 Bd6 15.
Qe3 Bxf4 16. Qxf4 Qc7 17. Qe3 Na5 18. g5 Nc4 19. Qc1 hxg5 20. Ne2 g4 21. hxg4
Nxg4 22. Kg2 f5 23. Rh1 Qe7 24. Ng5 Rf6 25. Nf4 Nd6 26. f3 Rh6 27. Rxh6 Rxc2+
28. Qxc2 Ne3+ 29. Kf2 Nxc2 30. Rxe6 Qxg5 31. Rg1 Qxf4 32. Rgg6 Ne4+ 33. Kg2 Ne3+
34. Kg1 Qxf3 35. Re7 Qf2+ 0-1

[Event "Chigorin Memorial"]
[Site "St Petersburg RUS"]
[Date "2012.11.03"]
[Round "8.158"]
[White "Bubnov, Kirill"]
[Black "Kamnev, Alexander"]
[Result "1/2-1/2"]
[WhiteElo "1713"]
[BlackElo "1885"]
[WhiteFideId "24175277"]
[BlackFideId "24176753"]
[EventDate "2012.10.27"]

1. d4 d5 2. c4 e6 3. Nc3 Be7 4. Nf3 Nf6 5. Bg5 h6 6. Bh4 O-O 7. e3 b6 8. Bd3 Bb7
9. O-O Nbd7 10. Rc1 c5 11. cxd5 Nxd5 12. Bxe7 Qxe7 13. Nxd5 Bxd5 14. Bb1 Rfc8
15. Re1 Bb7 16. Qd3 g6 17. e4 cxd4 18. Nxd4 Rxc1 19. Rxc1 Nc5 20. Qe3 e5 21. Nb3
Nxb3 22. Qxb3 Rc8 23. Rxc8+ Bxc8 24. Qc3 Qc5 25. Qxc5 bxc5 26. Kf1 Ba6+ 27. Ke1
Kf8 28. Kd2 Ke7 29. Kc3 Bf1 30. g3 c4 31. Kb4 Kd6 32. a4 f6 33. Ba2 Bd3 34. Bxc4
Bxe4 35. Ka5 Bb7 36. b4 f5 37. Ba6 Bd5 38. Bd3 e4 39. Be2 Bb7 40. Kb5 Bc6+ 41.
Ka6 Bxa4 42. Kxa7 Kc6 43. Ka6 Kc7 44. b5 Kb8 45. Kb6 Bc2 46. Kc5 Bd3 47. Bd1 g5
48. Kd5 1/2-1/2

[Event "Chigorin Memorial"]
[Site "St Petersburg RUS"]
[Date "2012.11.03"]
[Round "8.160"]
[White "Bezobrazov, Lev"]
[Black "Kuvyrshin, Maksim"]
[Result "0-1"]
[WhiteElo "1673"]
[BlackElo "1865"]
[WhiteFideId "4152409"]
[BlackFideId "24177563"]
[EventDate "2012.10.27"]

1. e4 c5 2. Nf3 d6 3. d4 cxd4 4. Nxd4 Nf6 5. Nc3 g6 6. Be3 Bg7 7. f3 O-O 8. Qd2
Nc6 9. Bc4 Bd7 10. O-O-O Rb8 11. h4 b5 12. Bb3 Na5 13. Qd3 Nxb3+ 14. cxb3 b4 15.
Nce2 a5 16. h5 Nxh5 17. Rxh5 gxh5 18. Rh1 e5 19. Nf5 Bxf5 20. exf5 f6 21. Qd5+
Kh8 22. Ng3 Qc7+ 23. Kb1 Rbc8 24. Rc1 Qd7 25. Rh1 Qc6 26. Qd3 Rf7 27. Rc1 Qd7
28. Rh1 Bf8 29. Nxh5 a4 30. g4 axb3 31. Qxb3 d5 32. Qd3 d4 33. Bd2 Qd5 34. Qe4
Qxe4+ 35. fxe4 Bd6 36. g5 fxg5 37. Bxg5 Be7 38. Bd2 Rg8 39. Re1 0-1

[Event "Chigorin Memorial"]
[Site "St Petersburg RUS"]
[Date "2012.11.03"]
[Round "8.161"]
[White "Nikiforov, Vyacheslav"]
[Black "Elizarova, Taisia"]
[Result "1-0"]
[WhiteElo "1863"]
[BlackElo "1663"]
[WhiteFideId "4119401"]
[BlackFideId "24128350"]
[EventDate "2012.10.27"]

1. e4 e6 2. d4 d5 3. Nc3 Nf6 4. Bg5 dxe4 5. Bxf6 Qxf6 6. Nxe4 Qd8 7. Nf3 Nd7 8.
Bd3 Be7 9. c3 O-O 10. Qc2 h6 11. O-O-O Rb8 12. g4 b5 13. g5 hxg5 14. Rdg1 g4 15.
Ne5 Nxe5 16. dxe5 b4 17. Rxg4 bxc3 18. Nxc3 Bg5+ 19. Kb1 Qe7 20. f4 Bh6 21. Rhg1
Bb7 22. h4 Ba8 23. h5 f5 24. Rg6 Kh7 25. Bc4 Rb6 26. Ka1 Bb7 27. Na4 Rc6 28. Qb3
Bc8 29. Bb5 Rb6 30. Nxb6 cxb6 31. Bc4 Re8 32. Qg3 Qf8 33. a3 Re7 34. Rxe6 Bxe6
35. Qg6+ Kh8 36. Bxe6 Rxe6 37. Qxe6 Qc5 38. Rd1 Qc7 39. Qd6 Qf7 40. e6 Qxh5 41.
Qd8+ Kh7 42. e7 1-0

[Event "Chigorin Memorial"]
[Site "St Petersburg RUS"]
[Date "2012.11.03"]
[Round "8.163"]
[White "Korchagina, Viktoria"]
[Black "Faizutdinova, Diana"]
[Result "1-0"]
[WhiteTitle "WFM"]
[WhiteElo "2071"]
[BlackElo "1834"]
[WhiteFideId "4197224"]
[BlackFideId "24143731"]
[EventDate "2012.10.27"]

1. e4 d5 2. exd5 Qxd5 3. Nc3 Qa5 4. d4 Nf6 5. Bc4 c6 6. Nf3 Bg4 7. Bd2 e6 8. h3
Bh5 9. Nd5 Qd8 10. Nxf6+ gxf6 11. Qe2 Be7 12. O-O-O Nd7 13. Rhe1 Nf8 14. Bh6
Bxf3 15. Qxf3 Qc7 16. Bg7 Rg8 17. Bxf6 Bxf6 18. Qxf6 Rxg2 19. d5 Rg6 20. dxe6
fxe6 21. Qh4 Rd8 22. Bd3 Rg7 23. f4 Qe7 24. Qh5+ Qf7 25. Qe5 Qc7 26. Qe4 Rf7 27.
f5 Rd5 28. fxe6 Qf4+ 29. Kb1 Rf6 30. e7 Ng6 31. Qe2 Qd6 32. Bxg6+ hxg6 33. Rxd5
cxd5 34. Qb5+ Qc6 35. Qa5 b6 36. Qxa7 Qc8 37. Qa4+ Qc6 38. Qh4 1-0